000 00296nam a22001337a 4500
008 210301b ||||| |||| 00| 0 eng d
020 _a9780135071595
041 _aeng
080 _a72
100 _a41
101 _aARK
245 _aIntroduction to AutoCAD 2010
_cRichard,P
942 _2udc
_cBK
999 _c55383
_d55383